000 00797cpcaa2200241 a 4500
001 mm 79001055
003 DLC
005 20260227111634.0
008 790927|||||||||||| eng
010 _amm 79001055
040 _aDLC
_cDLC
_dDLC
_edacs
072 7 _aN
_2lcmd
100 1 _aPeters, Richard,
_d1810-1889.
245 0 0 _aRichard Peters correspondence,
_f1844.
300 _a1
_fitem.
506 0 _aOpen to research.
545 0 _aRailroad official.
546 _aCollection material in English.
580 _aForms part of: Miscellaneous Manuscripts collection.
656 7 _aRailroad officials.
_2itoamc
999 _c40615
_d40615